[Event "DRAGHIEN  II"]
[Site "SchemingMind.com"]
[Date "2016.09.05"]
[Round "-"]
[White "Clive Everill"]
[Black "Scooter"]
[Result "0-1"]
[WhiteCountry "CZE"]
[BlackCountry "USA"]
[WhiteElo "1711"]
[WhiteRD "57"]
[BlackElo "1735"]
[BlackRD "56"]
[GameID "403336"]

1. e4 c6 2. d4 d5 3. Nd2 dxe4 4. Nxe4 Bf5 5. Ng3 Bg6 6. h4 h6 7. Nf3 Nd7 8. h5 Bh7 9. Bd3 Bxd3 10. Qxd3 Qc7
11. Bd2 O-O-O 12. O-O-O Ngf6 13. Qb3 e6 14. Kb1 Bd6 15. Ne2 Qb6 16. Qd3 e5 17. Be3 exd4 18. Bxd4 Bc5 19. Bxc5 Nxc5 20. Qf5+ Kb8
21. Ne5 Rxd1+ 22. Rxd1 Na4 23. b3 Qb4 24. Ka1 Nc3 25. Nxc3 Qxc3+ 26. Kb1 Rf8 27. Nd7+ Nxd7 28. Qxd7 Qf6 29. Qg4 g5 30. hxg6 fxg6
31. f3 Qf5 32. Qh4 h5 33. Rd8+ Rxd8 34. Qxd8+ Qc8 35. Qd6+ Qc7 36. Qxg6 Qh2 37. Qg5 Qg1+ 38. Kb2 Qd4+ 39. c3 Qf2+ 40. Ka3 Kc7
41. f4 h4 42. f5 Qc5+ 43. Kb2 Qf2+ 44. Kb1 Qe1+ 45. Kc2 Qe2+ 46. Kb1 Qe1+ 47. Qc1 Qxc1+ 48. Kxc1 Kd6 49. Kd2 Ke5 50. Ke3 Kxf5
51. Kf3 b6 52. a3 a5 53. g4+ hxg3 54. Kxg3 Ke4 55. b4 a4 56. Kf2 Kd3
0-1

[Event "DRAGHIEN  II"]
[Site "SchemingMind.com"]
[Date "2016.10.14"]
[Round "-"]
[White "emvarela"]
[Black "berns"]
[Result "1-0"]
[WhiteCountry "ARG"]
[BlackCountry "ENG"]
[WhiteElo "1710"]
[WhiteRD "54"]
[BlackElo "1673"]
[BlackRD "75"]
[GameID "404951"]

1. e4 e5 2. Nf3 Nc6 3. Bb5 a6 4. Bxc6 bxc6 5. d4 exd4 6. Qxd4 Nf6 7. Bg5 Be7 8. Bxf6 Bxf6 9. e5 Qe7 10. O-O Bg5
11. Nxg5 Qxg5 12. Re1 O-O 13. Nc3 Bb7 14. Qxd7 c5 15. g3 Rac8 16. e6 fxe6 17. Qxe6+ Rf7 18. Qe3 Qh5 19. Qe2 Qh3 20. f4 Qd7
21. Rad1 Qc6 22. Qe4 Qb6 23. Qc4 Qxb2 24. Rd7 Rf8 25. Rxf7 Qxc2 26. Rxf8+ Kxf8 27. Qxc5+ Kf7 28. Qe7+ Kg6 29. Qe6+ Kh5 30. Re5+ g5
31. Rxg5#
1-0

[Event "DRAGHIEN  II"]
[Site "SchemingMind.com"]
[Date "2016.10.14"]
[Round "-"]
[White "berns"]
[Black "emvarela"]
[Result "1-0"]
[WhiteCountry "ENG"]
[BlackCountry "ARG"]
[WhiteElo "1660"]
[WhiteRD "74"]
[BlackElo "1712"]
[BlackRD "55"]
[GameID "404952"]

1. d4 Nf6 2. c4 g6 3. Nc3 Bg7 4. e4 d6 5. Nf3 O-O 6. Be2 e5 7. O-O Nc6 8. d5 Ne7 9. Be3 a6 10. b4 c6
11. a4 cxd5 12. cxd5 Bg4 13. h3 Bxf3 14. Bxf3 Qd7 15. Qd2 Rac8 16. Rfc1 Rc4 17. b5 axb5 18. axb5 Rfc8 19. b6 Ne8 20. Bg4 f5
21. exf5 gxf5 22. Be2 Nf6 23. Bxc4 Rxc4 24. Bg5 Rd4 25. Qa2 e4 26. Rd1 Rxd1+ 27. Rxd1 h6 28. Bxf6 Bxf6 29. Ne2 Nc8 30. Rc1 Nxb6
31. Qb3 Nc8 32. Ng3 Kf7 33. Qd1 Ne7 34. Nh5 Ng6 35. Nxf6 Kxf6 36. Rb1 Ne5 37. Qb3 Qg7 38. Qxb7 Nf3+ 39. Kh1 Qxb7 40. Rxb7 Nd4
41. Rh7 Kg6 42. Rb7 f4 43. Rb4
1-0

[Event "DRAGHIEN  II"]
[Site "SchemingMind.com"]
[Date "2016.11.25"]
[Round "-"]
[White "echecs"]
[Black "Scooter"]
[Result "1-0"]
[WhiteCountry "ENG"]
[BlackCountry "USA"]
[WhiteElo "1843"]
[WhiteRD "63"]
[BlackElo "1717"]
[BlackRD "54"]
[GameID "406948"]

1. e4 c6 2. Nc3 d5 3. d4 dxe4 4. Nxe4 Bf5 5. Ng3 Bg6 6. h4 h6 7. Nf3 Nd7 8. h5 Bh7 9. Bd3 Bxd3 10. Qxd3 Qc7
11. Rh4 e6 12. Bf4 Bd6 13. Bxd6 Qxd6 14. Ne4 Qb4+ 15. Qc3 Qxc3+ 16. Nxc3 Ngf6 17. O-O-O O-O-O 18. Ne5 Nxe5 19. dxe5 Rxd1+ 20. Nxd1 Nd7
21. Re4 Rd8 22. Ne3 Kc7 23. Nc4 Nc5 24. Rg4 Rg8 25. a3 Nd7 26. f4 f6 27. Rg6 fxe5 28. fxe5 b5 29. Na5 Nxe5 30. Rxe6 Kb6
31. Rxe5 Kxa5 32. Re7 Kb6 33. g4 a5 34. b3 Kc5 35. Kd2 Kd6 36. Ra7 g6 37. Rh7 gxh5 38. gxh5 Rg2+ 39. Kc3 Rg3+ 40. Kb2 Rh3
41. Rxh6+ Kd5 42. Rh8 Rh4 43. h6 a4 44. h7 Kc5 45. bxa4 bxa4 46. Ra8 Rxh7 47. Rxa4 Rh3 48. c3 Rh2+ 49. Kb3 Kb5 50. Rb4+ Kc5
51. Rc4+ Kd5 52. a4 Rb2+ 53. Kxb2 Kxc4 54. Ka3 Kc5 55. Kb3 Kb6 56. Kb4 c5+ 57. Kc4 Ka5 58. Kxc5 Kxa4 59. c4 Ka5 60. Kc6 Ka6
61. Kc7 Ka7 62. c5
1-0

[Event "DRAGHIEN  II"]
[Site "SchemingMind.com"]
[Date "2016.11.25"]
[Round "-"]
[White "Scooter"]
[Black "echecs"]
[Result "1/2-1/2"]
[WhiteCountry "USA"]
[BlackCountry "ENG"]
[WhiteElo "1717"]
[WhiteRD "54"]
[BlackElo "1843"]
[BlackRD "63"]
[GameID "406949"]

1. d4 d6 2. Nf3 Nf6 3. Bf4 c6 4. e3 e6 5. Be2 Be7 6. O-O Nbd7 7. Nbd2 O-O 8. c4 Nh5 9. Bg5 Bxg5 10. Nxg5 Qxg5
11. Bxh5 Nf6 12. Be2 e5 13. Nf3 Qf5 14. dxe5 dxe5 15. Nh4 Qg5 16. g3 Bh3 17. Re1 e4 18. b3 Rfd8 19. Qc2 Qe5 20. Rad1 Ng4
21. Rxd8+ Rxd8 22. Rd1 Re8 23. Rd4 g5 24. Ng2 Qf5 25. Bf1 Ne5 26. Be2 Nf3+ 27. Bxf3 Qxf3 28. Ne1 Qf5 29. Ng2 h5 30. Qd1 Bg4
31. Qd2 Bf3 32. Qc1 Bxg2 33. Kxg2 Qf3+ 34. Kg1 h4 35. Qd1 Qf5 36. g4 Qe5 37. Rd8 Kh7 38. Rxe8 Qxe8 39. Qd4 Qe6 40. h3 a6
41. a3 Kg6 42. b4 f6 43. c5 f5 44. Qd6 Kf6 45. Qd8+ Kg6 46. Qd6 Kf6 47. gxf5 Kxf5 48. Qxe6+ Kxe6 49. Kg2 Kf5 50. f3 Ke5
51. Kf2 Kf5 52. a4 Ke5 53. Ke2 Kf5 54. Kf2 Ke5 55. Ke2 Kf5 56. Kf2
1/2-1/2

[Event "DRAGHIEN  II"]
[Site "SchemingMind.com"]
[Date "2017.01.13"]
[Round "-"]
[White "emvarela"]
[Black "Holty"]
[Result "1-0"]
[WhiteCountry "ARG"]
[BlackCountry "ENG"]
[WhiteElo "1739"]
[WhiteRD "59"]
[BlackElo "1698"]
[BlackRD "61"]
[GameID "409128"]

1. e4 e6 2. d4 d5 3. Nc3 dxe4 4. Nxe4 Nf6 5. Nxf6+ Qxf6 6. c3 Bd7 7. Nf3 Bc6 8. Be2 h6 9. Be3 Nd7 10. Qd2 O-O-O
11. O-O g5 12. h3 Bd6 13. c4 Qg7 14. c5 Be7 15. Qc3 Bf6 16. Rad1 h5 17. Qa3 Kb8 18. b4 g4 19. hxg4 hxg4 20. Bf4 gxf3
21. Bxf3 Bxf3 22. Qxf3 Qh7 23. g4 Bg5 24. Bg3 Bh4 25. Kg2 Bxg3 26. Qxg3 Rdg8 27. Rh1 Qg7 28. Rxh8 Rxh8 29. d5 Qe5 30. Qxe5 Nxe5
31. f3 Nc4 32. Kg3 Kc8 33. Rd4 exd5 34. Rxd5 c6 35. Rd4 Ne3 36. Re4 Nd5 37. g5 Rg8 38. f4 f6 39. Kh4 Rh8+ 40. Kg4 Rf8
41. Re6 fxg5 42. fxg5 Kd7 43. Rh6 Nxb4 44. Rh7+ Kc8 45. g6 Rg8 46. Kg5 b6 47. Rxa7 Kb8 48. cxb6 Nd5 49. g7 Nc7 50. Rxc7
1-0

[Event "DRAGHIEN  II"]
[Site "SchemingMind.com"]
[Date "2017.01.11"]
[Round "-"]
[White "Holty"]
[Black "emvarela"]
[Result "1/2-1/2"]
[WhiteCountry "ENG"]
[BlackCountry "ARG"]
[WhiteElo "1740"]
[WhiteRD "62"]
[BlackElo "1720"]
[BlackRD "56"]
[GameID "409129"]

1. d4 Nf6 2. Nf3 d5 3. e3 e6 4. Bd3 Bd6 5. b3 Nbd7 6. Bb2 h6 7. O-O Qe7 8. Nbd2 e5 9. e4 dxe4 10. Nxe4 Nxe4
11. Bxe4 exd4 12. Bxd4 O-O 13. Re1 Qd8 14. c4 Bc5 15. Qc2 Bxd4 16. Nxd4 Nf6 17. Nf5 Bxf5 18. Bxf5 Re8 19. Qd1 Qxd1 20. Raxd1 g6
21. Bc2 Rxe1+ 22. Rxe1 Re8 23. Rxe8+ Nxe8= 24. b4 Nd6 25. Bb3 Ne4 26. c5 Nd2 27. Bd1 f5 28. f3 Kg7 29. Kf2 Nc4 30. Ke2 Kf6
31. Kd3 Nb2+ 32. Kc2 Nxd1 33. Kxd1 Ke5 34. g3 Kd4 35. Kc2 Ke3 36. f4 Kf3 37. a4 Kg2 38. Kc3 Kxh2 39. a5 Kxg3 40. b5 h5
41. b6 axb6 42. c6 bxc6 43. a6 h4 44. a7 h3 45. a8=Q h2 46. Qa1 Kg2 47. Qb2+ Kg1 48. Qc1+ Kg2 49. Qd2+ Kg1 50. Qe1+ Kg2
51. Qe2+ Kg1 52. Qe1+ Kg2 53. Qe2+ Kg1 54. Qe1+=
1/2-1/2

[Event "DRAGHIEN  II"]
[Site "SchemingMind.com"]
[Date "2017.04.11"]
[Round "-"]
[White "echecs"]
[Black "emvarela"]
[Result "1/2-1/2"]
[WhiteCountry "ENG"]
[BlackCountry "ARG"]
[WhiteElo "1830"]
[WhiteRD "70"]
[BlackElo "1802"]
[BlackRD "56"]
[GameID "412577"]

1. e4 e5 2. Nf3 Nc6 3. Nc3 Nf6 4. Bc4 Nxe4 5. Nxe4 d5 6. Bd3 dxe4 7. Bxe4 Bd6 8. d4 exd4 9. Nxd4 Nxd4 10. Qxd4 Qe7
11. O-O O-O 12. Re1 Be6 13. Bxb7 Rab8 14. Bf3 c5 15. Qc3 Qc7 16. g3 Rfe8 17. a3 Bd7 18. Rb1 Bc6 19. Bxc6 Qxc6 20. Be3 Be5
21. Qxc5 Qxc5 22. Bxc5 Rbc8 23. b4 a5 24. h4 h6 25. Re3 g5 26. Rbe1 f6 27. hxg5 hxg5 28. f4 Rxc5 29. bxc5 Bd4 30. Kf2 Bxc5
31. Kf3 g4+ 32. Kf2 a4 33. Re2 f5 34. Re1 Re4 35. Re2=
1/2-1/2

[Event "DRAGHIEN  II"]
[Site "SchemingMind.com"]
[Date "2017.04.11"]
[Round "-"]
[White "emvarela"]
[Black "echecs"]
[Result "1/2-1/2"]
[WhiteCountry "ARG"]
[BlackCountry "ENG"]
[WhiteElo "1913"]
[WhiteRD "56"]
[BlackElo "1790"]
[BlackRD "68"]
[GameID "412578"]

1. e4 e5 2. Nf3 Nc6 3. Bb5 a6 4. Bxc6 dxc6 5. O-O Bd6 6. d3 Bg4 7. h3 Bh5 8. Nbd2 Nf6 9. Nc4 O-O 10. Bg5 h6
11. Bxf6 Qxf6 12. Ncd2 Rfe8 13. g4 Bg6 14. Qe2 Be7 15. Kg2 Qd6 16. Nc4 Qc5 17. Qe3 f6 18. Nh4 Bf7 19. Qxc5 Bxc5 20. Ne3 b5
21. c3 Red8 22. Rfd1 Rd7 23. b4 Bf8 24. a3 Rad8 25. d4 exd4 26. cxd4 Rxd4 27. Rxd4 Rxd4 28. Kf3 c5 29. bxc5 Bxc5 30. Rc1 Bxa3
31. Rxc7 Bf8 32. Ra7 Rd6 33. Nhf5 Rc6 34. Ra8 Re6 35. Nd5 Be8 36. Nc7 Rxe4 37. Rxe8 Rxe8 38. Nxe8 a5 39. Nc7 b4 40. Nd4 a4
41. Ke4 b3 42. Kd3 b2 43. Kc2 a3 44. Nb3 Kf7 45. Kb1 f5 46. f3 fxg4 47. hxg4 Kf6 48. Nb5 Kg5 49. N5d4 Kf6 50. Nd2 g6
51. f4 Bb4 52. Ne4+ Kf7 53. Nc2 Be7 54. Nd2 Ke6 55. Ka2 Kd5 56. Nxa3 Bxa3 57. Kxa3 b1=Q 58. Nxb1 Ke4 59. f5 gxf5 60. Nd2+ Kf4
61. gxf5 Kxf5 62. Kb3 Kf4 63. Kc3 h5 64. Kd3 h4 65. Ke2 Kg3 66. Kf1 h3 67. Kg1 h2+= 68. Kh1 Kh3=
1/2-1/2